000 00268nam a2200097Ia 4500
005 20251222114411.0
008 251222s1900||||xx |||||||||||||| ||spa||
082 _aDVD192.2/G23/2002
245 0 _aSeminario de ética: calidad de vida y perspectiva de género:
942 _cDVD
999 _c2039
_d2039